Textbook of medical physiology. (Record no. 163917)
[ view plain ]
| 000 -LEADER | |
|---|---|
| fixed length control field | 00502nam a2200205Ia 4500 |
| 003 - CONTROL NUMBER IDENTIFIER | |
| control field | OSt |
| 005 - DATE AND TIME OF LATEST TRANSACTION | |
| control field | 20230614101900.0 |
| 008 - FIXED-LENGTH DATA ELEMENTS--GENERAL INFORMATION | |
| fixed length control field | 210423s2009 xx 000 0 und d |
| 020 ## - INTERNATIONAL STANDARD BOOK NUMBER | |
| International Standard Book Number | 9788181478504 |
| 040 ## - CATALOGING SOURCE | |
| Transcribing agency | AL |
| 041 ## - LANGUAGE CODE | |
| Language code of text/sound track or separate title | eng |
| 082 ## - DEWEY DECIMAL CLASSIFICATION NUMBER | |
| Classification number | 612.01 |
| Edition number | 23 |
| Item number | KHUI |
| 100 ## - MAIN ENTRY--PERSONAL NAME | |
| Personal name | KHURANA (Indu). |
| 9 (RLIN) | 100214 |
| 245 ## - TITLE STATEMENT | |
| Title | Textbook of medical physiology. |
| 260 ## - PUBLICATION, DISTRIBUTION, ETC. | |
| Place of publication, distribution, etc. | Noida |
| Name of publisher, distributor, etc. | Elsevier India |
| Date of publication, distribution, etc. | 2009 |
| 300 ## - PHYSICAL DESCRIPTION | |
| Extent | xvi,1311 |
| 365 ## - TRADE PRICE | |
| Price amount | 895 |
| Currency code | INR |
| 906 ## - LOCAL DATA ELEMENT F, LDF (RLIN) | |
| a | medical ; physiology. |
| 942 ## - ADDED ENTRY ELEMENTS (KOHA) | |
| Source of classification or shelving scheme | Dewey Decimal Classification |
| Koha item type | Book |
| Withdrawn status | Lost status | Damaged status | Not for loan | Collection code | Home library | Current library | Date acquired | Source of acquisition | Cost, normal purchase price | Total Checkouts | Full call number | Barcode | Date last seen | Date last checked out | Price effective from | Koha item type | Total Renewals |
|---|---|---|---|---|---|---|---|---|---|---|---|---|---|---|---|---|---|
| Bio Chemistry | St Aloysius PG Library | St Aloysius PG Library | 03/03/2009 | U R Shenoy and Co | 895.00 | 4 | 612.01 KHUI | PG010414 | 02/14/2022 | 02/10/2022 | 04/26/2021 | Book | |||||
| Bio Chemistry | St Aloysius PG Library | St Aloysius PG Library | 03/12/2009 | U R Shenoy and Co | 895.00 | 3 | 612.01 KHUI | PG010415 | 09/15/2023 | 09/14/2023 | 04/26/2021 | Book | |||||
| Bio Chemistry | St Aloysius PG Library | St Aloysius PG Library | 03/12/2009 | U R Shenoy and Co | 895.00 | 4 | 612.01 KHUI | PG010416 | 09/25/2023 | 09/14/2023 | 04/26/2021 | Book | |||||
| Bio Chemistry | St Aloysius PG Library | St Aloysius PG Library | 03/12/2009 | U R Shenoy and Co | 895.00 | 2 | 612.01 KHUI | PG010417 | 08/24/2022 | 01/03/2022 | 04/26/2021 | Book | |||||
| Bio Chemistry | St Aloysius PG Library | St Aloysius PG Library | 06/24/2010 | Higginbothams Pvt Ltd | 945.00 | 1 | 612.01 KHUI | PG010804 | 08/24/2022 | 11/15/2021 | 04/26/2021 | Book | 1 | ||||
| Bio Chemistry | St Aloysius PG Library | St Aloysius PG Library | 06/24/2010 | Higginbothams Pvt Ltd | 945.00 | 4 | 612.01 KHUI | PG010805 | 10/31/2023 | 10/07/2023 | 04/26/2021 | Book |